"Uram vezess engem"
Elmentve itt :
| Szerző: | |
|---|---|
| Adatforrás: | Meister |
| Forrásdokumentuma: | A Hét. - 46 sz., 1990, 4 p. |
| Nyelv: | magyar |
| Kulcsszavak: | riport (közéleti) világtalanok hátrányos helyzetűek Vakok és Gyengénlátok Országos Egyesülete |
| LEADER | 00440nab a2200157 i 4500 | ||
|---|---|---|---|
| 001 | bibPRO00006240 | ||
| 008 | 060524s1990 xx hun | ||
| 040 | |a Sz1 | ||
| 041 | |a hun | ||
| 100 | 1 | |a LÁZÁR Edit | |
| 245 | 1 | 1 | |a "Uram vezess engem" |c LÁZÁR Edit |
| 695 | |a riport (közéleti) | ||
| 695 | |a világtalanok | ||
| 695 | |a hátrányos helyzetűek | ||
| 695 | |a Vakok és Gyengénlátok Országos Egyesülete | ||
| 773 | 0 | |t A Hét. - |g 46 sz., 1990, 4 p. | |